Statistiques concernant Devinez l'État Américain Mystère #35

Cliquez ici pour prendre le quiz!

Statistiques générales

  • Ce quiz a été pris 132 fois
  • Le résultat moyen est 31 sur 39

Statistiques - réponses

Type de RéponseRéponse% Correct
Lettre TrouvéeS
100%
Lettre TrouvéeA
99%
Lettre TrouvéeN
99%
Lettre de l'AlphabetO
99%
Lettre TrouvéeI
98%
Lettre de l'AlphabetR
98%
Lettre TrouvéeE
97%
Lettre de l'AlphabetM
97%
Lettre de l'AlphabetT
96%
Lettre de l'AlphabetH
95%
Lettre de l'AlphabetC
94%
Lettre TrouvéeL
94%
Lettre de l'AlphabetW
94%
Lettre de l'AlphabetD
91%
Lettre de l'AlphabetK
90%
Lettre de l'AlphabetU
90%
Lettre de l'AlphabetG
88%
Lettre de l'AlphabetF
84%
Lettre TrouvéeY
82%
Lettre de l'AlphabetX
77%
Lettre TrouvéeV
76%
Lettre TrouvéeP
74%
Lettre de l'AlphabetB
70%
Lettre de l'AlphabetJ
67%
Lettre de l'AlphabetQ
67%
Lettre de l'AlphabetZ
67%
Lettre Bien PlacéeA
60%
Lettre Bien PlacéeE
60%
Lettre Bien PlacéeE
60%
Lettre Bien PlacéeI
60%
Lettre Bien PlacéeL
60%
Lettre Bien PlacéeN
60%
Lettre Bien PlacéeN
60%
Lettre Bien PlacéeN
60%
Lettre Bien PlacéeP
60%
État MystèrePennsylvanie
60%
Lettre Bien PlacéeS
60%
Lettre Bien PlacéeV
60%
Lettre Bien PlacéeY
60%

Distribution des résultats

Percentile par nombre de réponses

% des personnes avec chaque résultat

Votre développement - résultats

Vous n’avez pas pris ce quiz